000 00282nam a2200121Ia 4500
008 241002s9999 xx 000 0 und d
082 _a302 DUN
100 _aDuncan, Sava J.
245 2 _aA Social Departure
260 _aNew York:
_c1962
600 _aSocial Sciences
942 _cUC
999 _c18545
_d18545